[Event "Roncana op-C U14 7th"]
[Site "Santa Eulalia de Roncana"]
[Date "2013.11.23"]
[Round "7"]
[White "Casares Bonals, Ainhoa"]
[Black "Puchol Navarro, Jordi"]
[Result "0-1"]
[WhiteElo "1700"]
[BlackElo "1700"]
[PlyCount "36"]
[EventDate "2013.10.05"]
[EventType "swiss"]
[EventRounds "8"]
[EventCountry "ESP"]
[SourceTitle "EXT 2015"]
[Source "ChessBase"]
[SourceDate "2014.11.20"]
[SourceVersion "1"]
[SourceVersionDate "2014.11.20"]
[SourceQuality "1"]

1. e4 e5 2. Nf3 Nc6 3. d4 Bb4+ 4. c3 Bd6 5. Nbd2 Nf6 6. Nc4 b5 7. Nxd6+ cxd6 8. Bg5 b4 9. c4 0-0 10. d5 Nd4 11. Nxd4 exd4 12. Qxd4 Qe7 13. Bd3 a5 14. 0-0 a4 15. b3 a3 16. Rad1 Qe5 17. Qe3 Ng4 18. Qb6 Qxh2# 0-1

[Event "Roncana op-C U14 7th"]
[Site "Santa Eulalia de Roncana"]
[Date "2013.10.12"]
[Round "2"]
[White "Puchol Navarro, Jordi"]
[Black "Badia Rossich, Sergi"]
[Result "0-1"]
[WhiteElo "1700"]
[BlackElo "1747"]
[PlyCount "46"]
[EventDate "2013.10.05"]
[EventType "swiss"]
[EventRounds "8"]
[EventCountry "ESP"]
[SourceTitle "EXT 2015"]
[Source "ChessBase"]
[SourceDate "2014.11.20"]
[SourceVersion "1"]
[SourceVersionDate "2014.11.20"]
[SourceQuality "1"]

1. e4 e5 2. Bc4 Nf6 3. a4 Nxe4 4. Qf3 Nf6 5. Ba2 d6 6. Qb3 Be6 7. Qb5+ c6 8. Qd3 d5 9. Qb3 d4 10. Qxb7 Nbd7 11. Bxe6 fxe6 12. Qxc6 Rc8 13. Qxe6+ Be7 14. Nf3 Rxc2 15. Nxe5 Rf8 16. Nf3 Rxc1+ 17. Ke2 Nc5 18. Rxc1 Nxe6 19. Ne5 Ne4 20. Kd3 N6c5+ 21. Kc4 Qc7 22. Kb5 Qxe5 23. Rxc5 Nxc5 0-1